BEST OF BIBLE STORIES OLD TESTAMENT (Record no. 11203)

MARC details
000 -LEADER
fixed length control field 00276nam a22000977a 4500
008 - FIXED-LENGTH DATA ELEMENTS--GENERAL INFORMATION
fixed length control field 181009b ||||| |||| 00| 0 eng d
020 ## - INTERNATIONAL STANDARD BOOK NUMBER
International Standard Book Number 9788130407739
100 ## - MAIN ENTRY--PERSONAL NAME
Personal name TINY, TOT
9 (RLIN) 6959
245 ## - TITLE STATEMENT
Title BEST OF BIBLE STORIES OLD TESTAMENT
260 ## - PUBLICATION, DISTRIBUTION, ETC. (IMPRINT)
Place of publication, distribution, etc. NEW DELHI
Name of publisher, distributor, etc. TINY TOT PUBLICATION
Date of publication, distribution, etc. 2015
Holdings
Withdrawn status Lost status Source of classification or shelving scheme Damaged status Koha normalized classification for sorting Not for loan Home library Current library Shelving location Date acquired Total Checkouts Full call number Barcode Date last seen Date last checked out Price effective from Koha item type
    Dewey Decimal Classification   TIN_170_000000000000000   Good Samaritan School Library Good Samaritan School Library Moral Science 10/09/2018 7 TIN170 TIN15177 12/19/2019 12/12/2019 10/09/2018 BOOK

Powered by Koha